| 000 | 00784nam a2200217 4500 | ||
|---|---|---|---|
| 001 | 111784 | ||
| 003 | ES-MaACL | ||
| 007 | t| | ||
| 008 | 061121s1967 sp r ||||1| spa d | ||
| 100 | 1 |
_aNeumann, Peter. _985448 |
|
| 245 | 1 | 3 |
_aLa Administración reguladora de la Economía / _cPeter Neumann; [traducción: Celestino Fernández de la Vega]. |
| 250 | _a1ª ed. | ||
| 260 |
_aMadrid : _bEscuela Nacional de Administración Pública, _c1967. |
||
| 300 |
_a197 p. ; _c21 cm. |
||
| 490 | 1 |
_aEstudios administrativos ; _v28 |
|
| 700 | 1 |
_aFernández de la Vega, Celestino. _949678 |
|
| 710 | 2 |
_aEscuela Nacional de Administración Pública (España) _93576 |
|
| 830 | 0 |
_aEstudios administrativos ; _v28 _9181549 |
|
| 852 |
_aES-MaACL _jE-5777 _bR.90211 |
||
| 999 |
_c111784 _d111784 |
||